000 00962nam a22002297a 4500
005 20170124103218.0
010 _aA-586126
020 _c15.00
035 _aA-586126
037 _bCen Lib/Ret
040 _aDPL
_bHN
082 _a239
_bअवता
245 _aअवतार वाणी /
_cअनुवादक जगन्नाथ शर्मा हंस
246 _aAvtar vani /
_banuvadak Jagannath Sharma Hans
260 _aदिल्ली
_bसंत निरंकारी मण्डल
_c1996
270 _b दिल्ली
_e110009
_aसंत निरंकारी कालोनी
300 _a154पृ.
_c20सेमी(सजिल्द )
650 _aअपोलोजेटिक्स बहस की कला
_x
_z
_9100228
650 _aApologetics Polemics
_9100229
700 _aजगन्नाथ शर्मा हंस
_980571
942 _2ddc
_cHN
_h239
_mअवता
999 _c121672
_d121672